MARC details
| 000 -LEADER |
| fixed length control field |
01388nam a2200241 a 4500 |
| 008 - FIXED-LENGTH DATA ELEMENTS--GENERAL INFORMATION |
| fixed length control field |
191129s2011 ||||||||||||||||| || u |
| 020 ## - INTERNATIONAL STANDARD BOOK NUMBER |
| International Standard Book Number |
9781437717303 |
| 050 ## - LIBRARY OF CONGRESS CALL NUMBER |
| Classification number |
RK 280 Bat |
| 100 ## - MAIN ENTRY--PERSONAL NAME |
| Personal name |
Fehrenbach, Margaret J |
| 245 10 - TITLE STATEMENT |
| Title |
Illustrated dental embryology, histology, and anatomy (third edition) |
| Statement of responsibility, etc. |
By Mary Bath-Balogh ; Margaret J. Fehrenbach |
| 250 ## - EDITION STATEMENT |
| Edition statement |
3rd edition |
| 260 ## - PUBLICATION, DISTRIBUTION, ETC. |
| Place of publication, distribution, etc. |
Missouri |
| Name of publisher, distributor, etc. |
Elsevier Saunders |
| Date of publication, distribution, etc. |
2011 |
| 300 ## - PHYSICAL DESCRIPTION |
| Extent |
x, 334 pages : illustrations |
| 350 ## - |
| -- |
25.00 |
| 650 ## - SUBJECT ADDED ENTRY--TOPICAL TERM |
| Topical term or geographic name entry element |
TOOTH--EMBRYOLOGY |
| 650 ## - SUBJECT ADDED ENTRY--TOPICAL TERM |
| Topical term or geographic name entry element |
MOUTH--ANATOMY AND HISTOLOGY |
| 650 #3 - SUBJECT ADDED ENTRY--TOPICAL TERM |
| Topical term or geographic name entry element |
TOOTH--ANATOMY AND HISTOLOGY |
| 700 ## - ADDED ENTRY--PERSONAL NAME |
| Personal name |
Bath-Balogh, Mary |
| 995 ## - |
| -- |
MEDICAL LIBRARY OPEN ACCESS |
| -- |
904647 |
| -- |
CBU-SCHOOL OF MEDICINE LIBRARY (Ndola) |
| -- |
25.00 |
| -- |
RK 280 Bat |
| -- |
4 |
| -- |
AVAILABLE |
| -- |
Dec 13, 2019 |
| -- |
904647 |
| -- |
Medical Library Open Access Collection |
| 995 ## - |
| -- |
MEDICAL LIBRARY OPEN ACCESS |
| -- |
904645 |
| -- |
CBU-SCHOOL OF MEDICINE LIBRARY (Ndola) |
| -- |
25.00 |
| -- |
RK 280 Bat |
| -- |
2 |
| -- |
AVAILABLE |
| -- |
Dec 13, 2019 |
| -- |
904645 |
| -- |
Medical Library Open Access Collection |
| 995 ## - |
| -- |
MEDICAL LIBRARY OPEN ACCESS |
| -- |
904644 |
| -- |
CBU-SCHOOL OF MEDICINE LIBRARY (Ndola) |
| -- |
25.00 |
| -- |
RK 280 Bat |
| -- |
1 |
| -- |
AVAILABLE |
| -- |
Dec 13, 2019 |
| -- |
904644 |
| -- |
Medical Library Open Access Collection |
| 995 ## - |
| -- |
MEDICAL LIBRARY OPEN ACCESS |
| -- |
904646 |
| -- |
CBU-SCHOOL OF MEDICINE LIBRARY (Ndola) |
| -- |
25.00 |
| -- |
RK 280 Bat |
| -- |
3 |
| -- |
AVAILABLE |
| -- |
Dec 13, 2019 |
| -- |
904646 |
| -- |
Medical Library Open Access Collection |
| 999 ## - |
| -- |
64100 |
| -- |
64100 |